000 006760000a22001930004500
090 _aAR
_b00119
245 1 0 _aNew species of Barycholos from estado Goiás, Brasil (<Amphibia, Anura, Leptodactylidae>) with remarks on related genera
650 1 4 _aAnfibios
_992768
650 1 4 _aFauna
_992594
650 1 4 _aNuevas especies
_992905
650 1 4 _aMorfología
_992917
650 1 4 _aBiología
_992
651 4 _lRío Araguaia
_dGoias
_pBrasil
_992749
653 _fLeptodactylidae
_gBaricholos
_eBaricholos savagei
041 0 _aInglés
100 1 _aLynch, John D.
_992907
942 _cARTICULO
773 1 _tBulletin of the American Museum of Natural History
_354
_h2
_q289-302
_d1980
_g4
999 _c9220
_d9220